Normal view
MARC view
- Niazi, Kosur
Entry Personal Name
001 - CONTROL NUMBER
- control field: 109996
003 - CONTROL NUMBER IDENTIFIER
- control field: NUST
005 - DATE AND TIME OF LATEST TRANSACTION
- control field: 20230308120235.0
008 - FIXED-LENGTH DATA ELEMENTS
- fixed length control field: 230308|| aca||aabn | a|a d
040 ## - CATALOGING SOURCE
- Original cataloging agency: NUST
- Transcribing agency: NUST
100 ## - HEADING--PERSONAL NAME
- Personal name: Niazi, Kosur
670 ## - SOURCE DATA FOUND
- Source citation: Work cat.: (NUST)187622: Niazi, Kosur, Rehnuma-e- Hajj /
